00825nam a22002417a 45000010005000000030006000050050017000110080041000280200018000690400029000870500014001160820011001301000020001412450074001612600042002353000056002775050008003335200120003415210021004615210020004826500040005027000041005425089FISKH20250826092232.0241105b cb ||||| |||| 00| 0 eng d a9780531158395 aFISKHbengcFISKHdFISKH aF788.A535 a917.91 aAnderson, Peter aA Grand Canyon Journey : bTracing Time in Stone /cby Peter Anderson aNew York : bFranklin Watts ;c1997 . a63 pages : bcolor illustrations , maps ;c22 cm .  aZ  aDescribes the geology, evolution, and beauty of the Grand Canyon by leading the reader down the Bright Angel Trail.8 a1110 bLexile 8 aZ bRaz-Plus  aGrand Canyon vJuvenile Literature  aAudubon, John JameseWildlife Artist